Statistics for Julia Roberts Movies Quiz

Click here to take the quiz!

General Stats

  • This quiz has been taken 25,773 times
    (20,089 since last reset)
  • The average score is 9 of 15

Answer Stats

DescriptionMovie% Correct
Rich corporate raider finds true love by hiring an escort.Pretty Woman
97%
One man and his ten closest associates plan an elaborate casino heist.Ocean's Eleven
83%
Woman has abandoned three different fiancés at the altar.Runaway Bride
78%
Single mom uncovers a corporate conspiracy to illegally dump toxic materials.Erin Brockovich
77%
Bookshop owner in an affluent London neighborhood woos a beautiful A-list movie star.Notting Hill
70%
Woman promises to marry her best friend at age 28 - but now he wants
to marry someone else!
My Best Friend's
Wedding
66%
Middle-aged man learns that he is actually Peter Pan.Hook
61%
Three young women work at a Connecticut pizza restaurant.Mystic Pizza
57%
To truly find oneself, one needs to get divorced and travel to popular tourist destinations.Eat Pray Love
54%
Beauty parlor in rural Louisiana attracts a group of tough but delicate women.Steel Magnolias
51%
After Supreme Court justices are assassinated, a Tulane law student writes a
legal brief with her theory of who did it. Now she finds herself a target.
The Pelican Brief
49%
In the repressive 1950s, a free-spirited art history teacher teaches at an
elite women's college.
Mona Lisa Smile
35%
Five medical students experiment with near-death experiences.Flatliners
32%
Beautiful princess defeats her evil stepmother with the help of dwarfs.Mirror Mirror
25%
One August in Oklahoma, three daughters return to their childhood home -
and to their cantankerous mother.
August:
Osage County
22%

Score Distribution

Percentile by Number Answered

Percent of People with Each Score

Your Score History

You have not taken this quiz since the last reset